000
00217nam a22000857a 4500
999
_c
2794
_d
2794
008
160816b xxu||||| |||| 00| 0 eng d
020
_a
9780470646083
100
_9
139
_a
Tortora G
245
_a
Anatomy & Physiology
260
_a
UK
_b
John publication
_c
2011